LIBRARY & INFORMATION CENTRE, KCAET, TAVANUR

ONLINE PUBLIC ACCESS CATALOGUE (OPAC)

Normal view MARC view
  • MADHAVI TULLURU

Entry Personal Name

Number of records used in: 1

001 - CONTROL NUMBER

  • control field: 3749

003 - CONTROL NUMBER IDENTIFIER

  • control field: OSt

005 - DATE AND TIME OF LATEST TRANSACTION

  • control field: 20181022140152.0

008 - FIXED-LENGTH DATA ELEMENTS

  • fixed length control field: 181022|| aca||aabn | a|a d

040 ## - CATALOGING SOURCE

  • Original cataloging agency: OSt
  • Transcribing agency: OSt

100 ## - HEADING--PERSONAL NAME

  • Personal name: MADHAVI TULLURU

670 ## - SOURCE DATA FOUND

  • Source citation: Work cat.: (OSt)14881: MADHAVI TULLURU, Comparative Evaluation of Evapotranspiration Parameters in a Naturally Ventilated Polyhouse and Open Field
free website counter